|
|
|
|
| LEADER |
00000nam a2200000 a 4500 |
| 001 |
UCV3258 |
| 003 |
CL-VaPUC |
| 008 |
930510e19880000IT |||||||||||||||||ita|d |
| 082 |
0 |
4 |
|a 262.9
|b EPI
|2 21
|
| 245 |
1 |
0 |
|a Episcopato presbiterato diaconato: teologia e diritti canonico
|
| 300 |
|
|
|a 289 p
|
| 942 |
|
|
|c BK
|
| 945 |
|
|
|d 19930510 00:00:00
|
| 260 |
|
|
|a Turín
|b Paoline
|c 1988
|
| 650 |
|
0 |
|a Iglesia
|9 255004
|
| 650 |
|
0 |
|a Derecho eclesiástico
|9 255055
|
| 583 |
|
|
|a last modification
|c 19930510 00:00:00
|k Rodrigo Vera
|
| 999 |
|
|
|c 210544
|d 210542
|
| 952 |
|
|
|0 0
|1 0
|4 0
|6 262_900000000000000_EPI_1988
|7 0
|8 A
|9 186895
|a BIBDER
|b BIBDER
|d 2019-11-14
|i 2544954
|o 262.9 EPI 1988
|p 2544954
|r 2023-01-25
|w 2019-11-14
|y BK
|k DER
|